| 000 | 00669cam a22001935a 4500 | ||
|---|---|---|---|
| 001 | L154868 | ||
| 008 | 120124s1974 xxk eng u | ||
| 035 | _a(Sirsi) u154868 | ||
| 041 | 0 | _aeng | |
| 050 | 0 | 4 | _a692.5062 $2 18 |
| 110 | 2 |
_aInstitute of Quantity Surveyors _92491 |
|
| 245 | 0 | 0 |
_aPrivate practices in county distribution _bwhere the principal or at least one partner is a member of the Institute |
| 260 |
_aLondon _bIQS _c1974 |
||
| 300 |
_a33p. _c21cm. |
||
| 520 | _aA geographical listing of private practices containing a member of the Institute of Quantity Surveyors. | ||
| 651 | 4 | _aInternational | |
| 690 |
_aQuantity surveying _96263 |
||
| 942 | _n0 | ||
| 999 |
_c113208 _d113208 |
||